[Event "VIII Open Primavera Vomero"]
[Site "Napoli ITA"]
[Date "2011.03.18"]
[Round "2"]
[White "Supino, Domenico"]
[Black "Taurisano, Vincenzo"]
[Result "1-0"]
[WhiteElo "2109"]
[BlackElo "1858"]
[PlyCount "61"]
[EventDate "2011.03.11"]

1. Nf3 d5 2. g3 Nf6 3. Bg2 e6 4. d3 c5 5. O-O Be7 6. Nbd2 O-O 7. e4 dxe4 8.
dxe4 Nc6 9. c3 Qc7 10. Re1 e5 11. Qc2 h6 12. Nc4 Be6 13. Ne3 Rac8 14. Nh4 Rfd8
15. Nef5 Bf8 16. Qe2 Ne7 17. Qf3 b5 18. Nxh6+ gxh6 19. Qxf6 Bg7 20. Qf3 b4 21.
c4 Nc6 22. Nf5 Nd4 23. Qg4 Bxf5 24. exf5 Kh8 25. Be4 Rd6 26. Qh5 b3 27. axb3
Nxb3 28. Bg5 Nxa1 29. f6 Rxf6 30. Bxf6 Nb3 31. Qxh6+ 1-0

[Event "VIII Open Primavera Vomero"]
[Site "Napoli ITA"]
[Date "2011.03.18"]
[Round "2"]
[White "Zinnai, Graziano Matteo"]
[Black "Di Meo, Antonio"]
[Result "1-0"]
[WhiteElo "1807"]
[BlackElo "1972"]
[PlyCount "85"]
[EventDate "2011.03.11"]

1. e4 c6 2. d3 e5 3. Nf3 d6 4. Be2 Nf6 5. O-O Be7 6. c3 O-O 7. Nbd2 Qc7 8. b4
h6 9. Bb2 Be6 10. a3 Re8 11. d4 Nbd7 12. c4 exd4 13. Nxd4 Nf8 14. f4 Bd7 15.
Qc2 Ne6 16. Nf5 a5 17. Nxe7+ Rxe7 18. Bxf6 gxf6 19. Qc3 Qb6+ 20. Kh1 Qd4 21.
Qg3+ Ng7 22. Rad1 f5 23. Qh4 Re6 24. Nf3 Qf6 25. Qxf6 Rxf6 26. e5 Re6 27. Rxd6
Rxd6 28. exd6 f6 29. c5 Kf7 30. Nd4 axb4 31. axb4 Re8 32. Bc4+ Kg6 33. g3 Re4
34. Rd1 h5 35. Kg2 h4 36. Kf3 hxg3 37. hxg3 Re8 38. Bd3 Ra8 39. g4 Ra3 40.
gxf5+ Nxf5 41. Nxf5 Rxd3+ 42. Rxd3 Kxf5 43. Re3 1-0

[Event "VIII Open Primavera Vomero"]
[Site "Napoli ITA"]
[Date "2011.03.25"]
[Round "3"]
[White "Avolio, Giovanni"]
[Black "De Meo, Guido"]
[Result "0-1"]
[WhiteElo "1808"]
[BlackElo "1851"]
[PlyCount "104"]
[EventDate "2011.03.11"]

1. c4 d6 2. g3 e5 3. Bg2 Nc6 4. Nc3 Be6 5. b3 f5 6. e3 Nf6 7. Nge2 Be7 8. d4
Bf7 9. d5 Nb8 10. O-O O-O 11. Bb2 Nbd7 12. Qd2 a5 13. Rfd1 Nc5 14. Ba3 b6 15.
f3 Nh5 16. Qc2 Be8 17. e4 f4 18. g4 Nf6 19. Rf1 g5 20. Bxc5 bxc5 21. a4 h5 22.
h3 Rf7 23. Kf2 Rh7 24. Rh1 Nd7 25. Rad1 Nb8 26. Nc1 Na6 27. Nd3 Rb8 28. Nb5 Kg7
29. Qd2 Nb4 30. Nxb4 cxb4 31. Kf1 Qc8 32. Qf2 Qb7 33. Ke2 Bd7 34. Kd3 Kg6 35.
Kc2 Rhh8 36. Rhg1 h4 37. Rge1 Rhd8 38. Bf1 c6 39. dxc6 Bxc6 40. Bd3 Rbc8 41.
Kb2 Kh6 42. Na7 Rc7 43. Nxc6 Qxc6 44. Bb1 Rcd7 45. Rd5 Ra8 46. Red1 Qc7 47. c5
Rad8 48. Qd2 Kg7 49. Qd3 Kf7 50. Rd2 Ke8 51. Qb5 dxc5 52. Rxc5 Bxc5 0-1

[Event "VIII Open Primavera Vomero"]
[Site "Napoli ITA"]
[Date "2011.03.25"]
[Round "3"]
[White "Borrelli, Salvatore"]
[Black "Gallina, Giacomo"]
[Result "1-0"]
[WhiteElo "1973"]
[BlackElo "1703"]
[PlyCount "81"]
[EventDate "2011.03.11"]

1. d4 d5 2. Nf3 Nf6 3. e3 Bg4 4. h3 Bf5 5. c4 c6 6. cxd5 Nxd5 7. Nc3 e6 8. Be2
Nd7 9. O-O Bd6 10. Re1 O-O 11. Bf1 Bg6 12. e4 Nxc3 13. bxc3 Bh5 14. e5 Be7 15.
Bd3 Bg6 16. a4 Bxd3 17. Qxd3 Nc5 18. Qb1 Nd7 19. Qxb7 c5 20. Qe4 cxd4 21. Qg4
dxc3 22. Bh6 g6 23. Bxf8 Bxf8 24. Qd4 Qc7 25. Rac1 Rc8 26. Re2 Nb6 27. Ng5 Nd5
28. Ne4 a5 29. Nf6+ Nxf6 30. exf6 Bc5 31. Qh4 h5 32. Qg5 Qd7 33. Rec2 Qd4 34.
Rxc3 e5 35. Qh6 Qxf2+ 36. Kh2 Qxf6 37. Rxc5 Rd8 38. Rc8 e4 39. Qe3 Qe7 40.
Rxd8+ Qxd8 41. Qxe4 1-0

[Event "VIII Open Primavera Vomero"]
[Site "Napoli ITA"]
[Date "2011.03.25"]
[Round "3"]
[White "Caiazzo, Diego"]
[Black "Lombardo, Michele"]
[Result "0-1"]
[WhiteElo "1863"]
[BlackElo "2030"]
[PlyCount "106"]
[EventDate "2011.03.11"]

1. b3 Nf6 2. Nf3 g6 3. Bb2 Bg7 4. g3 c5 5. Bg2 Nc6 6. O-O O-O 7. c4 d6 8. d4
Ne4 9. e3 f5 10. Qe2 Qb6 11. d5 Nb4 12. Bxg7 Kxg7 13. a3 Na6 14. Qb2+ Nf6 15.
Nc3 Qd8 16. e4 Nc7 17. e5 dxe5 18. Nxe5 Qd6 19. Nd3 b5 20. Rab1 Rb8 21. Qa2 Ba6
22. Rfe1 Rfe8 23. Ne5 e6 24. Nc6 Rb7 25. Rbd1 e5 26. Na5 Rbb8 27. Nc6 Ra8 28.
a4 bxc4 29. bxc4 Nd7 30. Nb5 Bxb5 31. axb5 a6 32. bxa6 Rxa6 33. Qb2 Kg8 34. Ra1
e4 35. Rxa6 Nxa6 36. Qb7 Nab8 37. Na7 Ne5 38. Qb5 Rf8 39. Ra1 Nd3 40. Qb3 Qe5
41. Rd1 f4 42. Bxe4 Nxf2 43. Kxf2 fxg3+ 44. Ke3 g2 45. Qc2 g1=Q+ 46. Rxg1 Qd4+
47. Ke2 Rf2+ 48. Ke1 Rxc2 49. Rxg6+ hxg6 50. Bxc2 Qa1+ 51. Kd2 Qxa7 52. Bxg6
Nd7 53. h4 Ne5 0-1

[Event "VIII Open Primavera Vomero"]
[Site "Napoli ITA"]
[Date "2011.03.25"]
[Round "3"]
[White "Casale, Antonio"]
[Black "Cosenza, Gianni"]
[Result "0-1"]
[WhiteElo "1802"]
[BlackElo "1959"]
[PlyCount "120"]
[EventDate "2011.03.11"]

1. d4 d5 2. c4 c6 3. Nf3 Nf6 4. Nc3 dxc4 5. e3 b5 6. a4 Qb6 7. b3 a5 8. bxc4 b4
9. c5 Qc7 10. Nb1 Bg4 11. Nbd2 Nbd7 12. Bb2 g6 13. Be2 Bg7 14. O-O O-O 15. Qc2
Rfd8 16. Bc4 Nf8 17. h3 Be6 18. Rfd1 h6 19. Qb3 Nd5 20. Rac1 g5 21. Qc2 Ng6 22.
Bd3 Nf8 23. Bf5 Qd7 24. Bxe6 Qxe6 25. Nc4 Ng6 26. Nb6 Ra7 27. Re1 g4 28. hxg4
Qxg4 29. Nh2 Qe6 30. Nc4 Nf6 31. Nb6 Ne4 32. Qc4 Qf5 33. Qc2 Qe6 34. Qc4 Qf6
35. Qe2 Nh4 36. g3 Qg6 37. Kf1 Qf5 38. Kg1 Qg6 39. Kf1 Nf5 40. Qg4 Nd2+ 41. Kg1
Qxg4 42. Nxg4 Nf3+ 43. Kf1 Nxe1 44. Kxe1 h5 45. Nh2 e6 46. Nf3 Ne7 47. Ke2 Nd5
48. Nc4 Rb8 49. e4 Nc3+ 50. Bxc3 bxc3 51. Nb6 Rd8 52. Kd3 e5 53. d5 cxd5 54.
exd5 Rc7 55. Kc4 e4 56. Nd4 Bf8 57. Nb3 Rb8 58. Kd4 Bxc5+ 59. Nxc5 Rxb6 60.
Rxc3 Re7 0-1

[Event "VIII Open Primavera Vomero"]
[Site "Napoli ITA"]
[Date "2011.03.25"]
[Round "3"]
[White "Chiummo, Sergio"]
[Black "Supino, Domenico"]
[Result "0-1"]
[WhiteElo "1937"]
[BlackElo "2109"]
[PlyCount "52"]
[EventDate "2011.03.11"]

1. c4 e5 2. Nc3 Nf6 3. g3 Bb4 4. Qc2 O-O 5. Bg2 Re8 6. e4 Nc6 7. Nge2 Bc5 8.
O-O a5 9. d3 Nb4 10. Qd1 Ng4 11. Nd5 c6 12. Nxb4 axb4 13. d4 exd4 14. Nxd4 d6
15. h3 Ne5 16. b3 Bxh3 17. Bb2 Bg4 18. Qd2 Qf6 19. Ne2 h6 20. Nf4 g5 21. Nd3
Nf3+ 22. Bxf3 Qxf3 23. Kh2 Rxe4 24. Ne1 Qe2 25. Qxe2 Rxe2 26. Nd3 Bb6 0-1

[Event "VIII Open Primavera Vomero"]
[Site "Napoli ITA"]
[Date "2011.03.25"]
[Round "3"]
[White "Di Lorenzo, Beniamino"]
[Black "Di Gennaro, Antonio"]
[Result "0-1"]
[WhiteElo "1386"]
[BlackElo "1659"]
[PlyCount "66"]
[EventDate "2011.03.11"]

1. e4 c5 2. Nc3 Nc6 3. g3 g6 4. Bg2 Bg7 5. f4 d6 6. h3 Nf6 7. d3 O-O 8. Nf3 Ne8
9. Bd2 Rb8 10. O-O b5 11. a3 a5 12. Qe2 Nd4 13. Nxd4 cxd4 14. Nd5 e6 15. Nb4
axb4 16. Bxb4 e5 17. fxe5 Bxe5 18. Qf3 Bd7 19. c3 Rc8 20. cxd4 Bxd4+ 21. Kh1
Bxb2 22. Rae1 Be5 23. d4 Bxd4 24. e5 Qc7 25. Bxd6 Nxd6 26. exd6 Qxd6 27. Rd1
Bc6 28. Qe2 Bxg2+ 29. Qxg2 Qb6 30. Qe4 Bg7 31. Rb1 Rce8 32. Qb4 Qb7+ 33. Kg1
Re3 0-1

[Event "VIII Open Primavera Vomero"]
[Site "Napoli ITA"]
[Date "2011.03.25"]
[Round "3"]
[White "Di Meo, Antonio"]
[Black "Petteruti, Antonio"]
[Result "1/2-1/2"]
[WhiteElo "1972"]
[BlackElo "1485"]
[PlyCount "76"]
[EventDate "2011.03.11"]

1. b3 d5 2. Bb2 Nf6 3. e3 g6 4. Nf3 Bg7 5. c4 c6 6. cxd5 cxd5 7. Nc3 O-O 8. d4
Nc6 9. Be2 Bg4 10. O-O a6 11. Rc1 Rc8 12. Na4 Ne4 13. Nc5 Nxc5 14. Rxc5 Re8 15.
Qd2 Bf8 16. a3 e6 17. Rc2 Bf5 18. Bd3 Bxd3 19. Qxd3 Na5 20. Rxc8 Qxc8 21. Rc1
Qd7 22. Ne5 Qd6 23. Qc3 Nc6 24. Nxc6 bxc6 25. Qxc6 Qxc6 26. Rxc6 Rb8 27. Rc3 a5
28. Kf1 Bg7 29. Ke2 h5 30. Kd2 Rb5 31. Rc8+ Bf8 32. Kc3 Kg7 33. Kc2 g5 34. Ra8
Bd6 35. g3 Kg6 36. Bc3 Bxa3 37. Rxa5 Rxa5 38. Bxa5 Bd6 1/2-1/2

[Event "VIII Open Primavera Vomero"]
[Site "Napoli ITA"]
[Date "2011.03.25"]
[Round "3"]
[White "Esposito, Pino"]
[Black "Sparice, Lorenzo"]
[Result "1-0"]
[WhiteElo "1859"]
[BlackElo "1380"]
[PlyCount "69"]
[EventDate "2011.03.11"]

1. e4 e6 2. d4 d5 3. Nd2 c5 4. e5 Nc6 5. Bb5 Bd7 6. c3 Qb6 7. a4 cxd4 8. Bxc6
bxc6 9. a5 Qc7 10. cxd4 Bb4 11. Ne2 Bxa5 12. O-O Bb6 13. b4 Ne7 14. Nb3 a5 15.
Bd2 O-O 16. bxa5 Ba7 17. Qc2 Bc8 18. a6 Bb6 19. Qd3 c5 20. dxc5 Bxc5 21. Rfc1
Qxe5 22. Nxc5 Nc6 23. Bc3 Qc7 24. Qg3 e5 25. Nf4 f6 26. Nfe6 Qe7 27. Nxf8 Qxf8
28. Bd2 Qf7 29. Nb7 Bxb7 30. axb7 Qxb7 31. Rxa8+ Qxa8 32. Qc3 Ne7 33. Qc7 Kf7
34. Bb4 Qe8 35. Ra1 1-0

[Event "VIII Open Primavera Vomero"]
[Site "Napoli ITA"]
[Date "2011.03.25"]
[Round "3"]
[White "Ficco, Corrado"]
[Black "Franzese, Luigi"]
[Result "1-0"]
[WhiteElo "2130"]
[BlackElo "1890"]
[PlyCount "75"]
[EventDate "2011.03.11"]

1. e4 c5 2. Nf3 Nc6 3. d4 cxd4 4. Nxd4 e6 5. Nc3 a6 6. Be3 Qc7 7. Qd2 b5 8.
O-O-O Nf6 9. f3 Be7 10. g4 O-O 11. g5 Ne8 12. Kb1 Ne5 13. h4 Nc4 14. Bxc4 Qxc4
15. h5 Bb7 16. g6 Nf6 17. gxh7+ Kxh7 18. Rdg1 Rg8 19. Qg2 Rac8 20. Qg6+ Kh8 21.
Qxf7 e5 22. Qxe7 exd4 23. h6 g6 24. Qxf6+ Kh7 25. Qe7+ Kh8 26. Bg5 Rcf8 27.
Bf6+ Rxf6 28. Qxf6+ Kh7 29. Qe7+ Kh8 30. Qe5+ Kh7 31. Nd5 Bxd5 32. exd5 d3 33.
Qe7+ Kh8 34. Qf6+ Kh7 35. Qf7+ Kh8 36. cxd3 Qxd3+ 37. Ka1 Qf5 38. Qxf5 1-0

[Event "VIII Open Primavera Vomero"]
[Site "Napoli ITA"]
[Date "2011.03.25"]
[Round "3"]
[White "Marturano, Giampiero"]
[Black "Improta, Giovanni"]
[Result "0-1"]
[WhiteElo "2068"]
[BlackElo "1859"]
[PlyCount "75"]
[EventDate "2011.03.11"]

1. e4 Nf6 2. Nc3 d5 3. exd5 Nxd5 4. Nxd5 Qxd5 5. Nf3 Bg4 6. Be2 Nc6 7. O-O
O-O-O 8. c3 e5 9. Qa4 f5 10. Bc4 Qa5 11. Qxa5 Nxa5 12. Nxe5 Nxc4 13. Nxc4 Be2
14. Ne5 Bxf1 15. Kxf1 Re8 16. d4 Bd6 17. Nd3 Re4 18. g3 Rhe8 19. Be3 a6 20. c4
c6 21. Re1 g5 22. Bd2 Rxe1+ 23. Bxe1 f4 24. Bd2 fxg3 25. hxg3 b5 26. cxb5 cxb5
27. Kg2 Re2 28. Be3 a5 29. Kf3 Rc2 30. Ke4 Bb4 31. Kf5 Bd2 32. d5 Bxe3 33. fxe3
Rd2 34. Ke4 h5 35. Ne5 h4 36. gxh4 gxh4 37. Nf3 Rxb2 38. Nxh4 0-1

[Event "VIII Open Primavera Vomero"]
[Site "Napoli ITA"]
[Date "2011.03.25"]
[Round "3"]
[White "Russo Spena, Vincenzo"]
[Black "Esposito, Rosario"]
[Result "0-1"]
[WhiteElo "1409"]
[BlackElo "1833"]
[PlyCount "106"]
[EventDate "2011.03.11"]

1. Nf3 Nf6 2. g3 g6 3. Bg2 Bg7 4. O-O d5 5. d3 c5 6. Nbd2 O-O 7. Re1 Nc6 8. e4
dxe4 9. dxe4 e5 10. Rb1 Qc7 11. b3 b6 12. Bb2 Bb7 13. Nc4 Rad8 14. Qe2 Nd7 15.
Rbd1 Nd4 16. Nxd4 cxd4 17. c3 Nc5 18. cxd4 exd4 19. e5 Bxg2 20. Kxg2 Ne6 21.
Nd6 Bxe5 22. Nb5 Qb7+ 23. f3 Bg7 24. Qe4 Qd7 25. Qd3 Nc5 26. Qf1 d3 27. Bxg7
Kxg7 28. Nc3 d2 29. Re2 Qc7 30. Rexd2 Rxd2+ 31. Rxd2 Nxb3 32. Rc2 Nc5 33. Nb5
Qb8 34. Qa1+ Kg8 35. a4 Rd8 36. a5 Nb3 37. Qc3 Nxa5 38. Qf6 Nb7 39. Rc7 Rd2+
40. Kh3 Qe8 41. Rxb7 Qc8+ 42. g4 Qxb7 43. Qf4 Qd7 44. Nxa7 Rxh2+ 45. Qxh2 Qxa7
46. Qd6 Qb7 47. Qd8+ Kg7 48. Qd4+ f6 49. g5 Qxf3+ 50. Kh4 Qh5+ 51. Kg3 Qxg5+
52. Kf3 Qf5+ 53. Kg3 Qe5+ 0-1

[Event "VIII Open Primavera Vomero"]
[Site "Napoli ITA"]
[Date "2011.03.25"]
[Round "3"]
[White "Somma, Andrea"]
[Black "Rosato, Luciano"]
[Result "0-1"]
[WhiteElo "1590"]
[BlackElo "2278"]
[PlyCount "68"]
[EventDate "2011.03.11"]

1. e4 d6 2. d4 g6 3. Nf3 Bg7 4. Be3 Nf6 5. Bd3 O-O 6. O-O Nbd7 7. h3 e5 8. c3
Qe7 9. Re1 b6 10. Qc1 Bb7 11. d5 Nc5 12. Bxc5 bxc5 13. c4 Nh5 14. Nc3 Nf4 15.
Bc2 Bh6 16. Qd1 Bc8 17. Ne2 Rb8 18. b3 Kh8 19. Nxf4 Bxf4 20. g3 Bh6 21. Kg2 Bd7
22. Nh2 f5 23. f3 Rf7 24. Rf1 Rbf8 25. a3 Be3 26. b4 Qg5 27. Re1 Bf4 28. Nf1
Bxg3 29. Nxg3 f4 30. Rg1 fxg3 31. bxc5 Bxh3+ 32. Kh1 g2+ 33. Kh2 Rxf3 34. Qe1
Qf4+ 0-1

[Event "VIII Open Primavera Vomero"]
[Site "Napoli ITA"]
[Date "2011.03.25"]
[Round "3"]
[White "Taurisano, Vincenzo"]
[Black "Angelotti, Mario"]
[Result "1-0"]
[WhiteElo "1858"]
[BlackElo "1820"]
[PlyCount "61"]
[EventDate "2011.03.11"]

1. d4 Nf6 2. c4 g6 3. Nc3 d5 4. Nf3 Bg7 5. cxd5 Nxd5 6. e4 Nxc3 7. bxc3 c5 8.
Be3 Nc6 9. Be2 O-O 10. O-O Qc7 11. Qc2 b6 12. dxc5 bxc5 13. Bxc5 Bb7 14. Rab1
Rab8 15. c4 Ba8 16. Rfd1 Ne5 17. Be3 Rfc8 18. Nxe5 Qxe5 19. f3 Qc7 20. c5 Bc6
21. a4 Qa5 22. Bb5 Bxb5 23. axb5 Rxb5 24. Rxb5 Qxb5 25. c6 Rxc6 26. Rd8+ Bf8
27. Qd2 Qb1+ 28. Qd1 Qxd1+ 29. Rxd1 a5 30. Rd8 a4 31. Bh6 1-0

[Event "VIII Open Primavera Vomero"]
[Site "Napoli ITA"]
[Date "2011.03.25"]
[Round "3"]
[White "Zinnai, Graziano Matteo"]
[Black "Accardo, Francesco"]
[Result "1-0"]
[WhiteElo "1807"]
[BlackElo "1845"]
[PlyCount "63"]
[EventDate "2011.03.11"]

1. e4 c5 2. Nf3 d6 3. c3 a6 4. d4 Nd7 5. Bd3 b5 6. O-O e5 7. a4 Rb8 8. Na3 c4
9. Bc2 Ngf6 10. Re1 Qc7 11. axb5 axb5 12. b3 Be7 13. bxc4 bxc4 14. Qe2 Ba6 15.
Nb1 Rb6 16. Ba3 O-O 17. Nbd2 exd4 18. Nxd4 Rfb8 19. Bb4 Ne5 20. Ba5 Nd3 21.
Bxb6 Rxb6 22. Reb1 h5 23. Rxb6 Qxb6 24. Nxc4 Bxc4 25. Bxd3 Bxd3 26. Qxd3 d5 27.
exd5 g6 28. c4 Qb2 29. Rb1 Qa2 30. Qc2 Qa3 31. Nc6 Bd6 32. Qb2 1-0

[Event "VIII Open Primavera Vomero"]
[Site "Napoli ITA"]
[Date "2011.04.01"]
[Round "4"]
[White "Accardo, Francesco"]
[Black "Chiummo, Sergio"]
[Result "0-1"]
[WhiteElo "1845"]
[BlackElo "1937"]
[PlyCount "104"]
[EventDate "2011.03.11"]

1. b4 e5 2. Bb2 d6 3. c4 Nd7 4. a4 Ne7 5. Nc3 g6 6. e3 Bg7 7. Nge2 Nb6 8. d3
Be6 9. Qc2 c6 10. h4 Qc7 11. h5 f5 12. a5 Nd7 13. f4 Nf6 14. h6 Bf8 15. c5 Ned5
16. fxe5 dxe5 17. Nxd5 Nxd5 18. Kf2 Rg8 19. Qa4 Nf6 20. Rh3 Ng4+ 21. Kg1 Bxh6
22. Bc1 Qf7 23. a6 Bg5 24. b5 Qc7 25. axb7 Qxb7 26. bxc6 Qc7 27. Nc3 h5 28. d4
exd4 29. exd4 Bxc1 30. Rxc1 Qf4 31. c7+ Bd7 32. Re1+ Kf8 33. Qxd7 Qf2+ 34. Kh1
Qxe1 35. c8=Q+ Rxc8 36. Qxc8+ Kg7 37. Qb7+ Kh8 38. Qf3 Nf2+ 39. Kh2 Nxh3 40.
gxh3 Qd2+ 41. Ne2 Rd8 42. Qg3 Rg8 43. Qe5+ Kh7 44. Bg2 Qe1 45. c6 f4 46. c7 f3
47. Bxf3 Qf2+ 48. Bg2 Rf8 49. Qe7+ Kh6 50. h4 a5 51. Qg5+ Kh7 52. Ng3 Qxd4 0-1

[Event "VIII Open Primavera Vomero"]
[Site "Napoli ITA"]
[Date "2011.04.01"]
[Round "4"]
[White "Borrelli, Salvatore"]
[Black "Somma, Andrea"]
[Result "1-0"]
[WhiteElo "1973"]
[BlackElo "1590"]
[PlyCount "55"]
[EventDate "2011.03.11"]

1. d4 d5 2. Nf3 Nf6 3. e3 e6 4. Bd3 Bd6 5. O-O O-O 6. b3 Nbd7 7. Bb2 c6 8. Ne5
Qc7 9. f4 Ne4 10. Nd2 f5 11. c4 Ndf6 12. a3 Bxe5 13. dxe5 Ng4 14. Rf3 Qb6 15.
Qe2 Nxd2 16. Qxd2 Qxb3 17. cxd5 Qxd5 18. h3 Nh6 19. Qc2 b6 20. Rd1 Rd8 21. Be2
Bb7 22. Rxd5 cxd5 23. Qc7 Rab8 24. Rg3 Nf7 25. Bh5 g6 26. Bxg6 hxg6 27. Rxg6+
Kf8 28. Rf6 1-0

[Event "VIII Open Primavera Vomero"]
[Site "Napoli ITA"]
[Date "2011.04.01"]
[Round "4"]
[White "Cosenza, Gianni"]
[Black "Taurisano, Vincenzo"]
[Result "1/2-1/2"]
[WhiteElo "1959"]
[BlackElo "1858"]
[PlyCount "52"]
[EventDate "2011.03.11"]

1. e4 c6 2. d4 d5 3. exd5 cxd5 4. Bd3 Nf6 5. c3 Nc6 6. Bf4 e6 7. Nf3 Be7 8.
Nbd2 O-O 9. O-O b6 10. Qc2 Bb7 11. Ne5 Rc8 12. Ndf3 Nb4 13. Qd2 Nxd3 14. Nxd3
Ne4 15. Qe3 Ba6 16. Rfe1 Bxd3 17. Qxd3 Bd6 18. Bxd6 Qxd6 19. Ne5 f6 20. Ng4 h5
21. f3 Ng5 22. Nf2 h4 23. Qe3 Rce8 24. f4 Nf7 25. Ng4 f5 26. Ne5 Nxe5 1/2-1/2

[Event "VIII Open Primavera Vomero"]
[Site "Napoli ITA"]
[Date "2011.04.01"]
[Round "4"]
[White "De Meo, Guido"]
[Black "Di Meo, Antonio"]
[Result "0-1"]
[WhiteElo "1851"]
[BlackElo "1972"]
[PlyCount "56"]
[EventDate "2011.03.11"]

1. d4 d6 2. c4 g6 3. Nf3 Bg7 4. g3 Nf6 5. Bg2 O-O 6. O-O Re8 7. Nc3 Nbd7 8. d5
e5 9. dxe6 fxe6 10. Bg5 Nc5 11. Qc2 e5 12. e4 Rf8 13. Rfe1 Bg4 14. Nd2 Qc8 15.
Bxf6 Rxf6 16. Nd5 Rf7 17. b4 Ne6 18. Nb3 Ng5 19. Nd2 Qf8 20. Nf1 Qc8 21. Nfe3
Bf3 22. Nc3 Bxg2 23. Kxg2 Qh3+ 24. Kh1 Raf8 25. Re2 Nf3 26. Nf1 Nd4 27. Qd3
Nxe2 28. Nxe2 Rxf2 0-1

[Event "VIII Open Primavera Vomero"]
[Site "Napoli ITA"]
[Date "2011.04.01"]
[Round "4"]
[White "Di Gennaro, Antonio"]
[Black "Esposito, Pino"]
[Result "0-1"]
[WhiteElo "1659"]
[BlackElo "1859"]
[PlyCount "62"]
[EventDate "2011.03.11"]

1. e4 c5 2. Nf3 d6 3. d4 cxd4 4. Nxd4 Nf6 5. Nc3 a6 6. Be3 e6 7. f3 Be7 8. g4
h6 9. Qd2 Qc7 10. O-O-O Nc6 11. Kb1 b5 12. Nxc6 Qxc6 13. Ne2 e5 14. g5 hxg5 15.
Bxg5 Be6 16. Bxf6 gxf6 17. Nc3 Rc8 18. Rc1 f5 19. exf5 Bxf5 20. Nd5 Bg5 21.
Qxg5 Bxc2+ 22. Ka1 Qxd5 23. Qg2 Kf8 24. Qe2 Bf5 25. Rxc8+ Bxc8 26. Qc2 Be6 27.
b3 Qd4+ 28. Kb1 Rg8 29. Bg2 Rxg2 30. Qxg2 Bf5+ 31. Kc1 Qa1+ 0-1

[Event "VIII Open Primavera Vomero"]
[Site "Napoli ITA"]
[Date "2011.04.01"]
[Round "4"]
[White "Franzese, Luigi"]
[Black "Caiazzo, Diego"]
[Result "1/2-1/2"]
[WhiteElo "1890"]
[BlackElo "1863"]
[PlyCount "183"]
[EventDate "2011.03.11"]

1. e4 e6 2. d4 d5 3. Nc3 dxe4 4. Nxe4 Nd7 5. Nf3 Ngf6 6. Nxf6+ Nxf6 7. Bd3 c5
8. c3 Be7 9. O-O O-O 10. Bg5 cxd4 11. Nxd4 h6 12. Bh4 a6 13. Qe2 Qb6 14. Rad1
Rd8 15. Bb1 Bd7 16. Qc2 g6 17. Rfe1 Be8 18. Qe2 Rd7 19. Rd2 Rad8 20. Red1 Nd5
21. Bg3 Bg5 22. Rd3 Nf4 23. Bxf4 Bxf4 24. Nf3 Rxd3 25. Rxd3 Rxd3 26. Bxd3 Bc6
27. Nd4 Bd5 28. b3 Qc7 29. c4 Bxh2+ 30. Kh1 Be5 31. Nf3 Bxf3 32. Qxf3 Qd7 33.
Qd1 Qd4 34. Kg1 Qh4 35. g3 Qd4 36. Qf3 Qd7 37. Be4 b6 38. Qd3 Qxd3 39. Bxd3 Bd6
40. Kg2 e5 41. f3 f5 42. g4 fxg4 43. fxg4 Kg7 44. Kf3 Kf6 45. Ke4 a5 46. Kd5
Bc5 47. Be4 h5 48. gxh5 gxh5 49. Bf3 h4 50. Ke4 Bd4 51. Bg4 Kg5 52. Bd7 Bb2 53.
Bh3 Kf6 54. Kd5 Ke7 55. Bf5 Kf6 56. Bh3 Ba3 57. Ke4 Bd6 58. Kd5 Ke7 59. Bg4 Bc7
60. Bh3 Kf6 61. Ke4 Bd8 62. Bc8 Be7 63. Bh3 Bb4 64. Kd5 Be1 65. Ke4 Bg3 66. Bf1
Ke7 67. Kd5 Kd8 68. Bh3 Kc7 69. Bg4 e4 70. Kxe4 Kd6 71. Bh3 Kc5 72. Kd3 Kb4 73.
Kc2 Ka3 74. Kb1 Bd6 75. Bg4 a4 76. bxa4 Kxa4 77. Be6 Kb4 78. Kc2 Bc5 79. Kb1
Kc3 80. Kc1 Kd3 81. Kd1 Ke3 82. Ke1 Kf3 83. Kf1 Kg3 84. Bd5 h3 85. Bh1 h2 86.
Bd5 Kf4 87. Kg2 Bg1 88. Kh1 Ke5 89. Bc6 Kd4 90. Bb5 Kc3 91. a4 Kb4 92. Kg2
1/2-1/2

[Event "VIII Open Primavera Vomero"]
[Site "Napoli ITA"]
[Date "2011.04.01"]
[Round "4"]
[White "Improta, Giovanni"]
[Black "Lombardo, Michele"]
[Result "0-1"]
[WhiteElo "1859"]
[BlackElo "2030"]
[PlyCount "52"]
[EventDate "2011.03.11"]

1. e4 g6 2. d4 Bg7 3. c3 c6 4. f4 d5 5. e5 h5 6. Bd3 Bf5 7. Be3 e6 8. Nf3 Ne7
9. Qc2 Nd7 10. Ng5 Rc8 11. b4 b6 12. Bxf5 Nxf5 13. Bf2 c5 14. Qa4 cxd4 15. O-O
dxc3 16. Qxa7 O-O 17. a4 Nxe5 18. Bxb6 Qf6 19. fxe5 Qxg5 20. Na3 Bxe5 21. Nc2
d4 22. Bc5 d3 23. Ne3 Rc7 24. Qb6 Rxc5 25. Nxf5 Rd5 26. Qb7 gxf5 0-1

[Event "VIII Open Primavera Vomero"]
[Site "Napoli ITA"]
[Date "2011.04.01"]
[Round "4"]
[White "Rosato, Luciano"]
[Black "Ficco, Corrado"]
[Result "0-1"]
[WhiteElo "2278"]
[BlackElo "2130"]
[PlyCount "90"]
[EventDate "2011.03.11"]

1. d4 f5 2. Nc3 Nf6 3. Bg5 e6 4. e4 fxe4 5. Nxe4 Be7 6. Bxf6 Bxf6 7. Nf3 b6 8.
Bd3 Nc6 9. Ne5 Bxe5 10. dxe5 Qe7 11. f4 Bb7 12. O-O O-O-O 13. Qe2 Kb8 14. c3 d6
15. exd6 cxd6 16. Rae1 e5 17. Ng3 g6 18. fxe5 Nxe5 19. Be4 Rhf8 20. Bxb7 Qxb7
21. Rxf8 Rxf8 22. Rd1 Qc6 23. Rf1 Qc5+ 24. Kh1 Rxf1+ 25. Qxf1 Qe3 26. Qf8+ Kb7
27. Nf1 Qc1 28. h3 Qxb2 29. Qxd6 Qxc3 30. Qd5+ Ka6 31. Kh2 h5 32. Ng3 Qc5 33.
Qe4 Qd6 34. Qa4+ Kb7 35. Qe4+ Kb8 36. Kh1 a5 37. Qe3 Qc5 38. Qd2 Qb5 39. Qf4
Ka7 40. Ne4 Qd5 41. Nf6 Qe6 42. Ne4 Ka6 43. Qf8 Qc6 44. Qf4 Nd3 45. Qe3 Qxe4
0-1

[Event "VIII Open Primavera Vomero"]
[Site "Napoli ITA"]
[Date "2011.04.01"]
[Round "4"]
[White "Supino, Domenico"]
[Black "Zinnai, Graziano Matteo"]
[Result "1-0"]
[WhiteElo "2109"]
[BlackElo "1807"]
[PlyCount "105"]
[EventDate "2011.03.11"]

1. e4 c6 2. d4 d5 3. Nc3 dxe4 4. Nxe4 Bf5 5. Ng3 Bg6 6. h4 h6 7. Nf3 Nd7 8. h5
Bh7 9. Bd3 Bxd3 10. Qxd3 Ngf6 11. Bd2 e6 12. O-O-O Qc7 13. Ne4 Nxe4 14. Qxe4
Nf6 15. Qe2 O-O-O 16. g3 Bd6 17. c4 Nd7 18. c5 Be7 19. b4 Nf6 20. Bf4 Qd7 21.
Qe5 Bd6 22. cxd6 Nd5 23. Bd2 f6 24. Qe2 Qxd6 25. Qc4 b6 26. Kb2 Kb7 27. Rc1 Rc8
28. a4 a5 29. bxa5 bxa5 30. Bxa5 Ra8 31. Qc5 Qxc5 32. Rxc5 Ra6 33. Nd2 Rha8 34.
Nb3 e5 35. dxe5 fxe5 36. Re1 Re8 37. Re4 Kc8 38. f4 Kd7 39. Rxe5 Rxe5 40. fxe5
Ke6 41. Nd4+ Kxe5 42. Nxc6+ Ke4 43. Rxd5 Rxc6 44. Rd7 g6 45. hxg6 Rxg6 46. Bc7
Kf5 47. a5 Rc6 48. Kb3 Ke6 49. Rh7 Kd5 50. Kb4 Rc1 51. Kb5 Rb1+ 52. Ka6 Kc6 53.
Bb6 1-0

[Event "VIII Open Primavera Vomero"]
[Site "Napoli ITA"]
[Date "2011.04.08"]
[Round "5"]
[White "Angelotti, Mario"]
[Black "Casale, Antonio"]
[Result "0-1"]
[WhiteElo "1820"]
[BlackElo "1802"]
[PlyCount "96"]
[EventDate "2011.03.11"]

1. e4 c5 2. Nf3 d6 3. d4 cxd4 4. Nxd4 Nf6 5. Nc3 a6 6. Be3 e6 7. Be2 Be7 8. O-O
O-O 9. Qd2 b5 10. a3 Bb7 11. Bf3 Qc7 12. Rad1 Nbd7 13. Qe2 Ne5 14. Bc1 Rac8 15.
Na2 d5 16. exd5 Nxf3+ 17. Nxf3 Bxd5 18. Nc3 Bc4 19. Qe3 Bxf1 20. Kxf1 Bxa3 21.
Rd3 Bc5 22. Qe2 Rfd8 23. Ne4 Nxe4 24. Qxe4 Rxd3 25. cxd3 Be7 26. Bf4 Qc6 27.
Qe2 Bf6 28. g4 g6 29. g5 Bg7 30. Kg2 Qd5 31. Kg3 Rd8 32. Ne5 Bxe5 33. Bxe5
Qxd3+ 34. Qf3 Qxf3+ 35. Kxf3 Rd5 36. Ke4 a5 37. h4 Kf8 38. f4 Ke8 39. Kf3 Kd7
40. Kg4 a4 41. h5 b4 42. hxg6 hxg6 43. Kf3 a3 44. bxa3 Rxe5 45. axb4 Rb5 46.
Ke4 Rxb4+ 47. Ke5 Rb5+ 48. Ke4 Kd6 0-1

[Event "VIII Open Primavera Vomero"]
[Site "Napoli ITA"]
[Date "2011.04.08"]
[Round "5"]
[White "Avolio, Giovanni"]
[Black "Sparice, Lorenzo"]
[Result "1-0"]
[WhiteElo "1808"]
[BlackElo "1380"]
[PlyCount "45"]
[EventDate "2011.03.11"]

1. c4 c5 2. Nc3 d6 3. g3 Nf6 4. Bg2 a6 5. Nf3 e6 6. O-O Nbd7 7. d4 cxd4 8. Nxd4
Nb6 9. b3 Qc7 10. Bb2 Bd7 11. Rc1 d5 12. cxd5 e5 13. Nf3 Bd6 14. Ne4 Qd8 15.
Nxd6+ Kf8 16. Nxe5 Nfxd5 17. Ndxf7 Ke8 18. Nxd8 Rxd8 19. Bxd5 Be6 20. e4 Bxd5
21. exd5 Rxd5 22. Qh5+ Kd8 23. Nf7+ 1-0